Practical Physiology for Middle East Students / (رقم التسجيلة. 79703)
[ عرض عادي ]
| 000 -الفاتح | |
|---|---|
| حقل البيانات ثابتة الطول | 00757nam a2200253Ia 4500 |
| 003 - محدد رقم الضبط | |
| رقم الضبط | OSt |
| 005 - وقت وتاريخ اخر تعامل مع التسجيلة | |
| رقم الضبط | 20220314111028.0 |
| 008 - عناصر البيانات ثابتة الطول - معلومات عامة | |
| حقل البيانات ثابتة الطول | 850422s2014 enka 001 0 eng d |
| 020 ## - الرقم الدولى المعيارى للكتب | |
| الرقم الدولى المعيارى للكتاب | 9783659520860 |
| 040 ## - مصدر الفهرسة | |
| وكالة الفهرسة الأصلية | Mu_ed |
| وكالة النسخ | EUW |
| لغة الفهرسة | eng |
| 041 ## - رمز اللغة | |
| رمز لغة النص/ المسارات الصوتية أو العنوان الانفرادي | Ma-Un |
| 082 ## - رقم تصنيف ديوى العشرى | |
| رقم الطبعة | 21 |
| رقم التصنيف | 612 |
| رقم المادة | IMP |
| 096 ## - رقم استدعاء المكتبة الطبية الوطنية المحلى | |
| رقم التصنيف | QT4 |
| رقم المادة | 1905 |
| تسجيل لاحق | B39p |
| 100 ## - المدخل الرئيسى - إسم شخصى | |
| الإسم الشخصى | Ibrahim, Marwan A. |
| 9 (RLIN) | 89390 |
| 245 00 - بيان العنوان | |
| العنوان | Practical Physiology for Middle East Students / |
| بيان المسئوليه,etc | Marwan A. Ibrahim |
| 250 ## - بيان الطبعة | |
| بيان الطبعة | 3rd ed |
| 260 ## - PUBLICATION, DISTRIBUTION, ETC. (IMPRINT) | |
| مكان الناشر او الموزع | New Delhi: |
| اسم الناشر او الموزع | Lambert Academic, |
| تاريخ النشر أو التوزيع | 2014 |
| 300 ## - الوصف المادى | |
| التعداد | xiv, 100 p. : |
| تفاصيل ماديه اخرى للوعاء | ill. ; |
| أبعاد الوعاء | 22 cm |
| 500 ## - تبصرة عامة | |
| تبصرة عامة | Includes index |
| 650 #2 - المدخل الاضافى بالموضوع-مصطلح موضوعى | |
| مصطلح موضوعي أو اسم جغرافي كعنصر مدخل | Physiology |
| التقسيم الفرعي العام | laboratory manuals |
| 9 (RLIN) | 64198 |
| 650 #0 - المدخل الاضافى بالموضوع-مصطلح موضوعى | |
| مصطلح موضوعي أو اسم جغرافي كعنصر مدخل | Physiology |
| التقسيم الفرعي العام | Laboratory manuals |
| 9 (RLIN) | 64199 |
| 650 #0 - المدخل الاضافى بالموضوع-مصطلح موضوعى | |
| مصطلح موضوعي أو اسم جغرافي كعنصر مدخل | Physiology, Experimental |
| 9 (RLIN) | 10609 |
| 942 ## - عناصر المدخل الإضافي( كوها) | |
| Koha [default] item type | كتاب |
| مصدر التصنيف او مخطط الترفيف | Dewey Decimal Classification |
| حالة الفقد | نموذج السعر الفعال | حالة تلف | ليس للاعارة | رقم الطلب | تاريخ الاكتساب | الموقع الحالي | الباركود | الفرع الرئيسي | Date last seen | نوع المادة فى نظام كوها | مصدر التصنيف او خطة الترفيف | Total Checkouts |
|---|---|---|---|---|---|---|---|---|---|---|---|---|
| 2022-03-14 | 612 IMP | 2022-03-14 | المكتبة المركزية بالمجمعة (CL) | 00168712 | المكتبة المركزية بالمجمعة (CL) | 2022-03-14 | كتاب | Dewey Decimal Classification | ||||
| 2022-03-14 | 612 IMP | 2022-03-14 | المكتبة المركزية بالمجمعة (CL) | 00168713 | المكتبة المركزية بالمجمعة (CL) | 2022-03-14 | كتاب | Dewey Decimal Classification | ||||
| 2022-03-14 | 612 IMP | 2022-03-14 | المكتبة المركزية بالمجمعة (CL) | 00168714 | المكتبة المركزية بالمجمعة (CL) | 2022-03-14 | كتاب | Dewey Decimal Classification | ||||
| 2022-03-14 | 612 IMP | 2022-03-14 | مكتبة كلية العلوم الطبية التطبيقية بالمجمعة - طالبات (AMF) | 00168715 | مكتبة كلية العلوم الطبية التطبيقية بالمجمعة - طالبات (AMF) | 2022-03-14 | كتاب | Dewey Decimal Classification | ||||
| 2022-03-14 | 612 IMP | 2022-03-14 | مكتبة كلية العلوم الطبية التطبيقية بالمجمعة - طالبات (AMF) | 00168716 | مكتبة كلية العلوم الطبية التطبيقية بالمجمعة - طالبات (AMF) | 2022-03-14 | كتاب | Dewey Decimal Classification | ||||
| 2022-03-14 | 612 IMP | 2022-03-14 | مكتبة مجمع الكليات بالزلفى - طلاب (SZM) | 00168717 | مكتبة مجمع الكليات بالزلفى - طلاب (SZM) | 2022-03-14 | كتاب | Dewey Decimal Classification | ||||
| 2022-03-14 | 612 IMP | 2022-03-14 | مكتبة مجمع الكليات بالزلفى - طلاب (SZM) | 00168718 | مكتبة مجمع الكليات بالزلفى - طلاب (SZM) | 2022-03-14 | كتاب | Dewey Decimal Classification |
